| 000 | 00404nam a2200145Ia 4500 | ||
|---|---|---|---|
| 008 | 100415s9999 xx 000 0 und d | ||
| 082 |
_b7652 _a598.25 |
||
| 100 | _aYapp WB | ||
| 245 | _aThe Life and Organisation of Birds | ||
| 260 |
_aLONDON _c1970 _bEDWARD ARNOLD LTD |
||
| 365 | _b0 | ||
| 630 | _aThe Life and Organisation of Birds | ||
| 730 | _aThe Life and Organisation of Birds | ||
| 942 | _cBOOK | ||
| 999 |
_c590604 _d590601 |
||